[Event "Roncana op-B 14th"]
[Site "Santa Eulalia de Roncana"]
[Date "2022.10.22"]
[Round "3"]
[White "Berbel Gutierrez, Jose Guillermo"]
[Black "Fernandez Marin, Daniel"]
[Result "1/2-1/2"]
[WhiteElo "1445"]
[BlackElo "1180"]
[PlyCount "84"]
[EventDate "2022.10.08"]
[EventType "swiss"]
[EventRounds "8"]
[EventCountry "ESP"]
[SourceTitle "EXT 2024"]
[Source "ChessBase"]
[SourceDate "2023.10.10"]
[SourceVersion "1"]
[SourceVersionDate "2023.10.10"]
[SourceQuality "1"]

1. d4 d5 2. Bf4 Nf6 3. e3 Nc6 4. Nf3 Bg4 5. h3 Bh5 6. c3 e6 7. Be2 Bd6 8. Ne5 Bxe2 9. Qxe2 Bxe5 10. dxe5 Nd7 11. Qg4 Rg8 12. Bg5 Ncxe5 13. Bxd8 Nxg4 14. hxg4 Rxd8 15. Rxh7 Ne5 16. f3 Nd3+ 17. Ke2 Nxb2 18. Na3 Na4 19. Kd2 a6 20. Nc2 e5 21. Rb1 b6 22. Nb4 a5 23. Nc6 Rd6 24. Nxe5 Ke7 25. g5 Nc5 26. Rbh1 Nd7 27. Nd3 c5 28. Nf4 d4 29. exd4 cxd4 30. Re1+ Kd8 31. c4 Re8 32. Rxe8+ Kxe8 33. Rxg7 Ne5 34. Rg8+ Kd7 35. Rh8 Nxc4+ 36. Kd3 Ne5+ 37. Kd2 Ng6 38. Nxg6 fxg6 39. Kd3 Ke6 40. Rf8 b5 41. Rf6+ Ke7 42. Rf4 Ke6 1/2-1/2